000 00854nam a2200217Ia 4500
003 Ost
005 20260507075737.0
008 260507s9999||||xx |||||||||||||| ||und||
020 _a9775919991
040 _cfsecg
041 _aara
082 _a331.137
100 _aالزواوي، خالد محمد
_eمؤلف
245 0 _aالبطالة في الوطن العربي"المشكلة والحل" /
_c خالد محمد الزواوي
260 _aالقاهرة:
_bمجموعة النيل العربية,
_c2004
300 _a196 صفحة؛
_bإيضاحات ؛
_c24 سم
504 _aببيلوغرافيا: ص.192
520 _aمدخل إلى البطالة،العمالة،مكانة العمل،المشكلة الكبرى(أطفال بلا مأوى)،الحل،رؤية إسلامية
653 _aالبطالة
942 _cكتاب
999 _c46101
_d46101